000
00301nam a22001337a 4500
020
_a
818869712-5
082
_a
823
_b
HOL/G
100
_a
HOLMES,SHERLOCK
245
_a
GREAT WORKS OF SHERLOCK HOLMES
260
_a
DELHI
_b
BLACK ROSE PUBLICATION
300
_a
820
650
_a
NOVEL
_z
DELHI
942
_c
BK
999
_c
3598
_d
3598